[Event "ch-Frankfurt A"]
[Site "Frankfurt Main"]
[Date "2025.05.05"]
[Round "2.23"]
[White "Perlitz, Sven"]
[Black "Shanmuganathan, Adhav"]
[Result "1-0"]
[WhiteElo "2120"]
[BlackElo "1685"]
[PlyCount "71"]
[EventDate "2025.04.28"]
[EventType "swiss"]
[EventRounds "7"]
[EventCountry "GER"]
[WhiteTeam "SC 1961 König Nied"]
[BlackTeam "SV 1934 Ffm-Griesheim"]

1. e4 e5 2. Nf3 Nc6 3. Bb5 a6 4. Ba4 d6 5. d3 Nf6 6. Nbd2 b5 7. Bb3 Bb7 8. Ng5 d5 9. exd5 Nxd5 10. Qf3 Qxg5 11. Bxd5 Qg6 12. c3 f5 13. O-O Rd8 14. Re1 Be7 15. g3 Nd4 16. cxd4 Rxd5 17. Nf1 Bc6 18. Ne3 e4 19. Nxd5 exf3 20. Nxe7 Qh5 21. Nxc6+ Kf8 22. Ne5 g5 23. Bd2 Kg7 24. Rac1 Re8 25. Rxc7+ Kg8 26. Nxf3 Rxe1+ 27. Nxe1 f4 28. Rc5 h6 29. Kg2 Qf7 30. d5 Qe7 31. b4 Qe2 32. Rc8+ Kf7 33. d6 Kg6 34. d7 Qxd2 35. d8=Q Qxe1 36. Rc6+ 1-0

[Event "ch-Frankfurt A"]
[Site "Frankfurt Main"]
[Date "2025.05.05"]
[Round "2.25"]
[White "Basedow, Marc"]
[Black "Bonnaire, Ulrich"]
[Result "1-0"]
[WhiteElo "1757"]
[BlackElo "2135"]
[PlyCount "81"]
[EventDate "2025.04.28"]
[EventType "swiss"]
[EventRounds "7"]
[EventCountry "GER"]
[WhiteTeam "SC Bad Soden"]
[BlackTeam "SC Frankfurt-West"]

1. c4 e5 2. g3 Nf6 3. Nc3 d5 4. cxd5 Nxd5 5. Bg2 Nb6 6. e3 c5 7. Nge2 Nc6 8. a3 Be6 9. b3 Qd7 10. a4 Rd8 11. O-O Be7 12. a5 Nd5 13. a6 b6 14. Nb5 Na5 15. b4 Nxb4 16. Nec3 Bc4 17. Qa4 Bxf1 18. Bxf1 O-O 19. h4 Nxa6 20. Qe4 Bd6 21. Nxd6 Qxd6 22. Bxa6 Nb3 23. Rb1 Nxd2 24. Bxd2 Qxd2 25. Qc4 Qc2 26. Rf1 Rd2 27. Ne4 Qxc4 28. Bxc4 Rb2 29. Nd6 Rd2 30. Ne4 Rc2 31. Nd6 g6 32. Bb3 Rb2 33. Bc4 Kg7 34. Rd1 f5 35. h5 a5 36. h6+ Kxh6 37. Nf7+ Kg7 38. Nxe5 Ra8 39. Rd7+ Kh6 40. Nf7+ Kh5 41. Bd5 1-0

[Event "ch-Frankfurt A"]
[Site "Frankfurt Main"]
[Date "2025.05.05"]
[Round "2.26"]
[White "Hochmuth, Christian"]
[Black "Roth, Daniel"]
[Result "1-0"]
[WhiteElo "1996"]
[BlackElo "1804"]
[PlyCount "121"]
[EventDate "2025.04.28"]
[EventType "swiss"]
[EventRounds "7"]
[EventCountry "GER"]
[WhiteTeam "Schachdrachen Büdingen-Wächtersb"]
[BlackTeam "SC Matt im Park Ffm"]

1. d4 d5 2. c4 e6 3. Nf3 Nf6 4. Nc3 Be7 5. Bf4 O-O 6. e3 b6 7. cxd5 exd5 8. Bd3 Nh5 9. Bg3 a6 10. Ne5 g6 11. a3 c5 12. dxc5 bxc5 13. O-O Nxg3 14. hxg3 Bf6 15. Nf3 Bb7 16. Qc2 Nd7 17. Rfd1 d4 18. exd4 cxd4 19. Na4 Rc8 20. Qd2 Bxf3 21. gxf3 Nb6 22. Qa5 Nxa4 23. Qxa4 a5 24. b4 axb4 25. axb4 Ra8 26. Qb3 Rxa1 27. Rxa1 Qc7 28. Bc4 Rc8 29. Rc1 Kf8 30. b5 Qb7 31. b6 Rc5 32. Rb1 Rg5 33. Ra1 Qb8 34. f4 Qxf4 35. Ra8+ Kg7 36. b7 Qc1+ 37. Bf1 Rh5 38. Qd3 Qh6 39. Bg2 Be5 40. b8=Q Bxb8 41. Rxb8 Qc1+ 42. Qf1 Qc3 43. Rd8 Ra5 44. Rb8 Ra1 45. Rb1 Rxb1 46. Qxb1 d3 47. Bf3 d2 48. Bd1 Qc1 49. Qc2 h5 50. Kf1 g5 51. Ke2 h4 52. gxh4 gxh4 53. Qe4 Qc8 54. Qxh4 Qe6+ 55. Kxd2 Qd5+ 56. Ke1 Qa5+ 57. Kf1 Qb5+ 58. Kg2 f6 59. Qg4+ Kf8 60. Be2 Qe5 61. Qh5 1-0

[Event "ch-Frankfurt A"]
[Site "Frankfurt Main"]
[Date "2025.05.05"]
[Round "2.27"]
[White "Muthig, Holger"]
[Black "Müller, Jens"]
[Result "1/2-1/2"]
[WhiteElo "1810"]
[BlackElo "1692"]
[PlyCount "60"]
[EventDate "2025.04.28"]
[EventType "swiss"]
[EventRounds "7"]
[EventCountry "GER"]
[BlackTeam "SV 1920 Hofheim"]

1. d4 d5 2. c4 e6 3. Nc3 Nf6 4. Bg5 Bb4 5. Nf3 h6 6. Bh4 g5 7. Bg3 Ne4 8. Qb3 Nc6 9. e3 h5 10. h4 g4 11. Ne5 Nxg3 12. Nxc6 bxc6 13. fxg3 Qd6 14. Kf2 Rh6 15. Ne2 dxc4 16. Qxc4 c5 17. a3 Ba6 18. Qc2 Bxe2 19. Bxe2 Rf6+ 20. Kg1 Qxg3 21. Bb5+ Kf8 22. axb4 Qxe3+ 23. Kh2 Qf4+ 24. g3 Qxd4 25. Rhf1 Rxf1 26. Rxf1 Qxb4 27. Qg6 Qd2+ 28. Kg1 Qd4+ 29. Kg2 Qd2+ 30. Kg1 Qd4+ 1/2-1/2

[Event "ch-Frankfurt A"]
[Site "Frankfurt Main"]
[Date "2025.05.05"]
[Round "2.30"]
[White "Griesfeller, Sven"]
[Black "Fernengel, Rudolf"]
[Result "1/2-1/2"]
[WhiteElo "1874"]
[BlackElo "1882"]
[PlyCount "86"]
[EventDate "2025.04.28"]
[EventType "swiss"]
[EventRounds "7"]
[EventCountry "GER"]
[WhiteTeam "Schachdrachen Büdingen-Wächtersb"]
[BlackTeam "SC 1910 Höchst"]

1. e4 d6 2. d4 e5 3. Nf3 Bg4 4. Bc4 Nf6 5. dxe5 Bxf3 6. gxf3 dxe5 7. Qxd8+ Kxd8 8. Bxf7 Nc6 9. c3 Bd6 10. Rg1 g6 11. Bg5 Ke7 12. Bd5 Nd8 13. Nd2 c6 14. Bb3 Ne6 15. Nc4 Bc7 16. Rd1 Rad8 17. Rxd8 Rxd8 18. Ke2 Nxg5 19. Rxg5 Nh5 20. Bc2 h6 21. Rg1 Nf4+ 22. Ke1 Kf6 23. Ne3 h5 24. Rg3 Bb6 25. Ng2 Bxf2+ 26. Kxf2 Rd2+ 27. Kf1 Rxc2 28. Nxf4 exf4 29. Rg2 Rc1+ 30. Ke2 Rc2+ 31. Kf1 Rxg2 32. Kxg2 Ke5 33. h4 Kd6 34. Kf2 Kc5 35. Ke2 Kc4 36. b3+ Kc5 37. Kf2 Kd6 38. Ke2 Ke5 39. Kf2 Kd6 40. Ke2 Ke5 41. Kd3 c5 42. Ke2 Kf6 43. Kd3 Ke5 1/2-1/2

[Event "ch-Frankfurt A"]
[Site "Frankfurt Main"]
[Date "2025.05.05"]
[Round "2.31"]
[White "Ghaznavi, Massoud"]
[Black "Schäfers, Serge"]
[Result "1-0"]
[WhiteElo "1616"]
[BlackElo "1846"]
[PlyCount "69"]
[EventDate "2025.04.28"]
[EventType "swiss"]
[EventRounds "7"]
[EventCountry "GER"]
[WhiteTeam "SV Oberursel"]
[BlackTeam "TSV Bindlach Aktionär"]

1. d4 d5 2. Nc3 c6 3. Nf3 Nf6 4. Bg5 Bf5 5. e3 Nbd7 6. Bd3 Bxd3 7. Qxd3 h6 8. Bh4 e6 9. O-O Be7 10. a3 O-O 11. b4 a6 12. Nd2 e5 13. f3 exd4 14. exd4 Nh7 15. Bg3 Bh4 16. Bf4 Bg5 17. Bxg5 Qxg5 18. f4 Qh5 19. Rf3 f5 20. Raf1 Rae8 21. Rh3 Qf7 22. Nf3 Re6 23. Ne5 Nxe5 24. dxe5 g5 25. Rg3 g4 26. Ne2 h5 27. h4 Kg7 28. Nd4 Kg6 29. Re1 Rfe8 30. c4 dxc4 31. Qxc4 R6e7 32. e6 Qg7 33. Qc5 Rf8 34. Re5 Rd8 35. Nxf5 1-0

[Event "ch-Frankfurt A"]
[Site "Frankfurt Main"]
[Date "2025.05.05"]
[Round "2.32"]
[White "Plattner, Rolf"]
[Black "Cichon, Jörg"]
[Result "0-1"]
[WhiteElo "1830"]
[BlackElo "1771"]
[PlyCount "82"]
[EventDate "2025.04.28"]
[EventType "swiss"]
[EventRounds "7"]
[EventCountry "GER"]
[WhiteTeam "SC Schachmatt Weiterstadt"]
[BlackTeam "Sfr.Mainz 1928"]

1. e4 c5 2. Nf3 Nc6 3. Bb5 a6 4. Bxc6 bxc6 5. d3 d6 6. h3 e6 7. O-O Nf6 8. Re1 e5 9. Nbd2 Be7 10. Nc4 O-O 11. Bd2 Nd7 12. Ba5 Qe8 13. Ne3 Bd8 14. Bd2 Nb6 15. c4 Be6 16. b3 Qd7 17. g4 Nc8 18. Nf5 Ne7 19. Qc1 h5 20. Nxg7 Bxg4 21. Nh2 Bxh3 22. Nxh5 Ng6 23. Bh6 Nh4 24. Re3 Kh7 25. Rg3 Rg8 26. Rxg8 Kxg8 27. Qe3 Qe6 28. Kh1 Bg2+ 29. Kg1 Kh7 30. Bg5 Qg6 31. Bxh4 Bxh4 32. Ng3 Bh3 33. Kh1 Be6 34. Rg1 Bg5 35. Qe2 Rh8 36. Ngf1 Kg7 37. f3 Kf8 38. Qg2 Bh3 39. Qxg5 Qxg5 40. Rxg5 Bxf1 41. Kg1 Bxd3 0-1

[Event "ch-Frankfurt A"]
[Site "Frankfurt Main"]
[Date "2025.05.05"]
[Round "2.33"]
[White "Clauss, Hendrik"]
[Black "Münstermann, Matthias"]
[Result "1-0"]
[WhiteElo "1796"]
[BlackElo "1760"]
[PlyCount "71"]
[EventDate "2025.04.28"]
[EventType "swiss"]
[EventRounds "7"]
[EventCountry "GER"]
[WhiteTeam "SC Bergen-Enkheim 1922"]
[BlackTeam "SK Langen"]

1. d4 Nf6 2. Bf4 g6 3. e3 Bg7 4. Nf3 d5 5. Be2 O-O 6. O-O Bf5 7. Nbd2 Nh5 8. Bg5 f6 9. Bh4 g5 10. Bg3 Nxg3 11. hxg3 Nd7 12. c4 c6 13. Qb3 Qb6 14. cxd5 Qxb3 15. Nxb3 cxd5 16. Rac1 Rac8 17. Na5 Bg4 18. Bb5 a6 19. Bxd7 Bxd7 20. Nxb7 g4 21. Nd2 e5 22. Nb3 Bb5 23. Rfe1 Bc4 24. Nd6 Rc6 25. Nf5 Re6 26. Nc5 Ree8 27. b3 Bb5 28. Nd6 Rd8 29. Nxb5 axb5 30. Ne6 exd4 31. exd4 f5 32. Nxd8 Rxd8 33. Red1 b4 34. Rc5 Ra8 35. Rd2 Bh6 36. Rdc2 1-0

[Event "ch-Frankfurt A"]
[Site "Frankfurt Main"]
[Date "2025.05.05"]
[Round "2.36"]
[White "Grünzig, Matthias"]
[Black "Börsch, Dieter"]
[Result "0-1"]
[WhiteElo "1687"]
[BlackElo "1800"]
[PlyCount "84"]
[EventDate "2025.04.28"]
[EventType "swiss"]
[EventRounds "7"]
[EventCountry "GER"]
[WhiteTeam "FV Berkersheim"]
[BlackTeam "SK Bad Homburg 1927"]

1. d4 Nf6 2. Bf4 e6 3. c3 b6 4. Nf3 Bb7 5. e3 Be7 6. Nbd2 O-O 7. Be2 d6 8. O-O Nh5 9. Bg3 Nxg3 10. fxg3 Nd7 11. e4 Nf6 12. Bd3 c5 13. Rc1 Rc8 14. Qe2 g6 15. Ba6 Bxa6 16. Qxa6 Rc7 17. Qd3 Qc8 18. Qb1 Qb7 19. Rfe1 Rd8 20. a3 Bf8 21. Nb3 c4 22. Nbd2 b5 23. Rf1 Bg7 24. Rce1 Rcd7 25. Re2 Qb6 26. Kh1 e5 27. d5 Rf8 28. Qe1 a5 29. Qf2 Qxf2 30. Rexf2 Rc7 31. Ne1 Nd7 32. Nc2 Nc5 33. Ne1 Bh6 34. Nef3 Nd3 35. Nb1 Nxf2+ 36. Rxf2 f5 37. Nfd2 Rcf7 38. h3 fxe4 39. Rxf7 Rxf7 40. Kh2 e3 41. Nf3 e2 42. Kg1 Rxf3 0-1

[Event "ch-Frankfurt A"]
[Site "Frankfurt Main"]
[Date "2025.05.05"]
[Round "2.37"]
[White "Rotermund, Verena"]
[Black "Friedel, Thomas"]
[Result "1-0"]
[WhiteElo "1799"]
[BlackElo "1709"]
[PlyCount "59"]
[EventDate "2025.04.28"]
[EventType "swiss"]
[EventRounds "7"]
[EventCountry "GER"]
[WhiteTeam "Vorw.Orient Mainz"]
[BlackTeam "SV 1946 Groß-Gerau"]

1. c4 Nf6 2. g3 e5 3. Bg2 d5 4. Nc3 Be6 5. Qb3 b6 6. cxd5 Bd7 7. Qc4 Bd6 8. a4 Qc8 9. d3 h6 10. Nb5 Bxb5 11. axb5 Nbd7 12. Bh3 Qb7 13. e4 O-O 14. b4 Nb8 15. Bd2 a6 16. bxa6 Nxa6 17. Rb1 Nb8 18. Ne2 Ra4 19. Nc3 Ra6 20. O-O Nbd7 21. f4 Rfa8 22. d4 exd4 23. Qxd4 c5 24. dxc6 Qxc6 25. e5 Nxe5 26. fxe5 Bc7 27. b5 Bxe5 28. Qxe5 Re8 29. bxc6 Rxe5 30. c7 1-0

[Event "ch-Frankfurt A"]
[Site "Frankfurt Main"]
[Date "2025.05.05"]
[Round "2.38"]
[White "May, Franz"]
[Black "Dobaj, Daniel"]
[Result "0-1"]
[WhiteElo "1794"]
[BlackElo "1637"]
[PlyCount "90"]
[EventDate "2025.04.28"]
[EventType "swiss"]
[EventRounds "7"]
[EventCountry "GER"]
[WhiteTeam "Freibauer Mörlenbach-Birkenau"]

1. e4 c5 2. Nf3 Nc6 3. d4 cxd4 4. Nxd4 g6 5. Nc3 Bg7 6. Be3 Nf6 7. Nb3 O-O 8. Bb5 a6 9. Bxc6 dxc6 10. Qxd8 Rxd8 11. Bb6 Re8 12. O-O-O Nd7 13. Bd4 Bh6+ 14. Kb1 e5 15. Bc5 Nxc5 16. Nxc5 Bf8 17. Nd7 Bxd7 18. Rxd7 Re7 19. Rhd1 b5 20. Rd8 Re8 21. Rxe8 Rxe8 22. Rd7 Rc8 23. Ne2 Bc5 24. f4 f6 25. a3 Re8 26. b4 Be3 27. fxe5 fxe5 28. Rd6 Rc8 29. Nc1 Kf8 30. Re6 Kf7 31. Rxe5 Kf6 32. Nd3 Rd8 33. Rc5 Bxc5 34. Nxc5 Rd2 35. Nxa6 Rxg2 36. Nb8 Rxh2 37. Nxc6 g5 38. e5+ Kf7 39. e6+ Ke8 40. a4 g4 41. axb5 g3 42. b6 g2 43. b7 g1=Q+ 44. Kb2 Qg7+ 45. Kb3 Qxb7 0-1

[Event "ch-Frankfurt A"]
[Site "Frankfurt Main"]
[Date "2025.05.05"]
[Round "2.39"]
[White "Hofmann, Werner"]
[Black "Felgendreher, Luke"]
[Result "1-0"]
[WhiteElo "1780"]
[BlackElo "1681"]
[PlyCount "53"]
[EventDate "2025.04.28"]
[EventType "swiss"]
[EventRounds "7"]
[EventCountry "GER"]
[WhiteTeam "SV 1920 Kelsterbach"]
[BlackTeam "Freibauer Mörlenbach-Birkenau"]

1. d4 Nf6 2. e3 g6 3. Bd3 d5 4. Nd2 Bg7 5. f4 O-O 6. Ngf3 c5 7. c3 Nc6 8. O-O Qb6 9. Qe2 cxd4 10. exd4 Nh5 11. Nb3 f6 12. f5 Ne5 13. fxg6 Bg4 14. gxh7+ Kh8 15. Be3 Nxd3 16. Qxd3 f5 17. Ne5 f4 18. Ng6+ Kxh7 19. Nxf8+ Kg8 20. Ng6 fxe3 21. Nxe7+ Kh8 22. Nxd5 Qa6 23. Nxe3 Nf4 24. Qe4 Ne2+ 25. Kh1 Qh6 26. Qxg4 Qxe3 27. Qh3+ 1-0

[Event "ch-Frankfurt A"]
[Site "Frankfurt Main"]
[Date "2025.05.05"]
[Round "2.43"]
[White "Zeyen, Helmut"]
[Black "Manasek, Martin"]
[Result "1-0"]
[WhiteElo "1845"]
[BlackElo "1641"]
[PlyCount "171"]
[EventDate "2025.04.28"]
[EventType "swiss"]
[EventRounds "7"]
[EventCountry "GER"]
[WhiteTeam "Wiesbadener SV 1885"]
[BlackTeam "SC Flörsheim 1921"]

1. e4 c6 2. d4 d5 3. Be3 dxe4 4. f3 Bf5 5. Nc3 Nf6 6. Bc4 e6 7. g4 Bg6 8. Qd2 exf3 9. Bg5 Be7 10. Bxf6 Bxf6 11. Nxf3 Bh4+ 12. Kf1 Be7 13. h4 h5 14. g5 Nd7 15. Re1 Qc7 16. Kg2 O-O-O 17. d5 Nb6 18. Bb3 exd5 19. Qd4 Rhg8 20. Ne5 Be4+ 21. Nxe4 dxe4 22. Qxe4 Rd2+ 23. Kf3 Rf8 24. Qf5+ Kb8 25. Qf4 Rdd8 26. Kg2 Bd6 27. Qf5 Bxe5 28. Qxe5 Qxe5 29. Rxe5 f6 30. Rf5 Rd2+ 31. Kf3 Rd6 32. g6 Rh8 33. Re1 Nd7 34. Bf7 Ne5+ 35. Kf4 Rd4+ 36. Re4 Rd2 37. Rxf6 Rf2+ 38. Kxe5 Rxf6 39. Rd4 Kc7 40. Rd2 Rd8 41. Rg2 Rd5+ 42. Bxd5 cxd5 43. Rg5 Kc6 44. c3 b5 45. b4 a6 46. Rf5 Rxg6 47. Rxh5 Rg4 48. Rg5 Rxh4 49. Rg6+ Kb7 50. Rxg7+ Kb6 51. Rg6+ Kb7 52. Kxd5 Rc4 53. Rg3 Rc7 54. Kd4 Rd7+ 55. Ke3 Re7+ 56. Kd2 Rh7 57. Kc2 Rh6 58. Kb3 Kb6 59. a4 Rh1 60. a5+ Ka7 61. Kc2 Rh2+ 62. Kd3 Rh7 63. Kd4 Rd7+ 64. Kc5 Rc7+ 65. Kd6 Kb7 66. Re3 Rc6+ 67. Kd5 Rc7 68. Ke6 Rc6+ 69. Kd5 Rc7 70. Rd3 Rd7+ 71. Ke4 Re7+ 72. Kf5 Rc7 73. Ke6 Rc6+ 74. Ke7 Rc7+ 75. Rd7 Kc6 76. Rxc7+ Kxc7 77. Ke6 Kc6 78. Ke5 Kd7 79. Kd5 Kc7 80. Kc5 Kb7 81. Kd6 Kb8 82. Kc6 Ka7 83. Kc7 Ka8 84. Kb6 Kb8 85. Kxa6 Kc7 86. Kxb5 1-0

[Event "ch-Frankfurt A"]
[Site "Frankfurt Main"]
[Date "2025.05.05"]
[Round "2.45"]
[White "Kiel, Gerhard"]
[Black "Winter, Thomas"]
[Result "1-0"]
[WhiteElo "1758"]
[BlackElo "1627"]
[PlyCount "49"]
[EventDate "2025.04.28"]
[EventType "swiss"]
[EventRounds "7"]
[EventCountry "GER"]
[BlackTeam "SV Oberursel"]

1. Nf3 d6 2. c4 Nf6 3. e3 e5 4. d3 Nc6 5. Nc3 Be7 6. b3 Bf5 7. Bb2 O-O 8. Rg1 Qd7 9. h3 h6 10. Be2 Rad8 11. g4 Bh7 12. g5 hxg5 13. Nxg5 Bg6 14. h4 Nh7 15. Nxh7 Bxh7 16. Bg4 Qe8 17. Nd5 f5 18. Bf3 Bxh4 19. Nxc7 Qd7 20. Bd5+ Kh8 21. Ne6 Nb4 22. Rxg7 Rc8 23. Rxh7+ Kxh7 24. Qh5+ Kg8 25. Qg6+ 1-0

[Event "ch-Frankfurt A"]
[Site "Frankfurt Main"]
[Date "2025.05.26"]
[Round "5.1"]
[White "Krause, Jonah"]
[Black "Neukirchner, Pascal"]
[Result "1-0"]
[WhiteElo "2361"]
[BlackElo "2245"]
[PlyCount "89"]
[EventDate "2025.04.28"]
[EventType "swiss"]
[EventRounds "7"]
[EventCountry "GER"]
[WhiteTeam "FC ST.Pauli 1910 eV SAbt"]
[BlackTeam "Heilbronner SV"]

1. d4 Nf6 2. c4 g6 3. Nc3 Bg7 4. e4 d6 5. Nf3 O-O 6. Be2 e5 7. Be3 exd4 8. Nxd4 Re8 9. f3 c6 10. Bf2 d5 11. exd5 cxd5 12. O-O Nc6 13. c5 Bf8 14. Kh1 Bd7 15. a3 Nh5 16. Qd2 Qf6 17. Ndb5 Qf4 18. Rad1 Rad8 19. g3 Qb8 20. Rfe1 a6 21. Nd6 Bxd6 22. cxd6 Qxd6 23. Qxd5 Qxd5 24. Nxd5 Be6 25. Nc7 Re7 26. Nxe6 Rxe6 27. Rxd8+ Nxd8 28. Bc4 Rxe1+ 29. Bxe1 Ng7 30. Kg2 Nc6 31. Bc3 Nf5 32. Kf2 h5 33. Bf6 Nd6 34. Bd5 Ne8 35. Bc3 Kf8 36. Ke3 Ke7 37. h4 Nc7 38. Be4 f5 39. Bxc6 bxc6 40. Kd4 Nd5 41. Ke5 Kd7 42. Bd4 Ke7 43. Bc5+ Kd7 44. a4 a5 45. f4 1-0

[Event "ch-Frankfurt A"]
[Site "Frankfurt Main"]
[Date "2025.05.26"]
[Round "5.2"]
[White "Cwiek, Ryszard"]
[Black "Schweitzer, Stefan"]
[Result "1-0"]
[WhiteElo "2031"]
[BlackElo "1833"]
[PlyCount "41"]
[EventDate "2025.04.28"]
[EventType "swiss"]
[EventRounds "7"]
[EventCountry "GER"]
[BlackTeam "SF Frankfurt 1921"]

1. e4 c5 2. d4 cxd4 3. c3 dxc3 4. Nxc3 e6 5. Nf3 Nc6 6. Bc4 Bb4 7. O-O Nge7 8. Nb5 d6 9. a3 Bc5 10. b4 a6 11. bxc5 axb5 12. Bxb5 dxc5 13. Qxd8+ Kxd8 14. Rd1+ Bd7 15. Be3 b6 16. Ng5 Kc7 17. Nxf7 Rhf8 18. Bf4+ Kc8 19. Nd6+ Kc7 20. Nf5+ Kd8 21. Nxe7 1-0

[Event "ch-Frankfurt A"]
[Site "Frankfurt Main"]
[Date "2025.05.26"]
[Round "5.3"]
[White "Leimeister, Erhard"]
[Black "Winand, Edgar"]
[Result "1-0"]
[WhiteElo "2209"]
[BlackElo "1879"]
[PlyCount "33"]
[EventDate "2025.04.28"]
[EventType "swiss"]
[EventRounds "7"]
[EventCountry "GER"]
[WhiteTeam "SV 1934 Ffm-Griesheim"]
[BlackTeam "SF Frankfurt 1921"]

1. c4 d6 2. Nc3 e5 3. g3 Nc6 4. Bg2 g5 5. Rb1 Bg7 6. b4 Nge7 7. b5 Nd4 8. e3 Ne6 9. Nge2 O-O 10. h4 g4 11. d4 f5 12. dxe5 dxe5 13. Ba3 Qxd1+ 14. Rxd1 Kf7 15. Nd5 Bf6 16. Nec3 e4 17. Nxf6 1-0

[Event "ch-Frankfurt A"]
[Site "Frankfurt Main"]
[Date "2025.05.26"]
[Round "5.4"]
[White "Beinrucker, Clemens"]
[Black "Kupriyanov, Daniel"]
[Result "0-1"]
[WhiteElo "1937"]
[BlackElo "2112"]
[PlyCount "70"]
[EventDate "2025.04.28"]
[EventType "swiss"]
[EventRounds "7"]
[EventCountry "GER"]
[WhiteTeam "SK Niederbrechen 1948"]

1. e4 c5 2. Nc3 Nc6 3. Bb5 Nd4 4. Nf3 a6 5. Bd3 g6 6. Rb1 e6 7. O-O Ne7 8. Nxd4 cxd4 9. Ne2 Bg7 10. c3 Nc6 11. cxd4 Nxd4 12. Nxd4 Bxd4 13. Qa4 Bg7 14. b4 O-O 15. Bb2 d5 16. Bxg7 Kxg7 17. e5 Bd7 18. Qb3 Qb6 19. Rbc1 Rfc8 20. Qb2 Bb5 21. Bxb5 Qxb5 22. Rc3 Rc4 23. a3 Rac8 24. Rfc1 d4 25. Rxc4 Rxc4 26. f4 d3 27. g3 Qb6+ 28. Kf1 Re4 29. Rc5 a5 30. Rxa5 Re1+ 31. Kg2 Qg1+ 32. Kh3 Qf1+ 33. Kh4 Qe2 34. g4 Qxh2+ 35. Kg5 Qh6# 0-1

[Event "ch-Frankfurt A"]
[Site "Frankfurt Main"]
[Date "2025.05.26"]
[Round "5.5"]
[White "Engel, Manfred"]
[Black "Rabiya, Karim"]
[Result "0-1"]
[WhiteElo "2234"]
[BlackElo "1801"]
[Annotator "thoma"]
[PlyCount "76"]
[EventDate "2025.04.28"]
[EventType "swiss"]
[EventRounds "7"]
[EventCountry "GER"]
[WhiteTeam "SC Frankfurt-West"]
[BlackTeam "SK Niederbrechen 1948"]

{[%evp 0,4,18,35,46,52,50]} 1. c4 Nf6 2. Nc3 g6 3. g3 Bg7 4. Bg2 O-O 5. e3 e5 6. Nge2 Re8 7. d4 d6 8. O-O e4 9. f4 c6 10. b4 Na6 11. Rb1 Nc7 12. d5 Bg4 13. dxc6 bxc6 14. Qa4 c5 15. Ba3 Nd7 16. bxc5 Nxc5 17. Bxc5 dxc5 18. Rfd1 Qc8 19. Rd2 Rb8 20. Rb3 f5 21. Qxa7 Rxb3 22. axb3 Qb8 23. Qxc5 Qxb3 24. Nd5 Nxd5 25. Qxd5+ Kh8 26. Qf7 Qxe3+ 27. Kh1 Rf8 28. Qd5 Bxe2 29. c5 Bd3 30. Rd1 Qd4 31. Qc6 Rd8 32. h3 Bf8 33. Rc1 Be2 34. Qe6 Bxc5 35. Rxc5 Bf3 36. Bxf3 exf3 37. Qe5+ Qxe5 38. Rxe5 Rd1+ 0-1

[Event "ch-Frankfurt A"]
[Site "Frankfurt Main"]
[Date "2025.05.26"]
[Round "5.6"]
[White "Shanawaz Thabrez, Shahzaib"]
[Black "Perlitz, Sven"]
[Result "0-1"]
[WhiteElo "1898"]
[BlackElo "2120"]
[PlyCount "116"]
[EventDate "2025.04.28"]
[EventType "swiss"]
[EventRounds "7"]
[EventCountry "GER"]
[WhiteTeam "SK Langen"]
[BlackTeam "SC 1961 König Nied"]

1. Nf3 c5 2. c4 Nc6 3. Nc3 g6 4. g3 Bg7 5. Bg2 e6 6. e4 Nge7 7. O-O O-O 8. Ne1 Nd4 9. d3 a6 10. Nc2 Nec6 11. Nxd4 Nxd4 12. Ne2 b5 13. Nxd4 Bxd4 14. e5 Rb8 15. Re1 f6 16. exf6 Qxf6 17. Re2 Bxf2+ 18. Kh1 Bb7 19. Bf4 Bxg2+ 20. Kxg2 Bd4 21. Qd2 e5 22. Be3 bxc4 23. Bxd4 cxd4 24. dxc4 Qc6+ 25. Kg1 Qxc4 26. Rxe5 d3 27. Re3 Qd4 28. Qxd3 Qxb2 29. Qd5+ Kh8 30. Rae1 Qf2+ 31. Kh1 Qf7 32. Qd4+ Qg7 33. Qh4 Rf7 34. Qc4 Qf6 35. Re4 Qf3+ 36. Kg1 Qf2+ 37. Kh1 Rb2 38. R4e2 Rxe2 39. Qxe2 Kg7 40. Qe5+ Qf6 41. Kg2 d6 42. Qe3 d5 43. Rd1 Re7 44. Qd3 Re5 45. Rf1 Qe6 46. Rf2 Rf5 47. Re2 Qf6 48. Qc2 Qd6 49. Qb2+ d4 50. Re4 Rd5 51. Rf4 Qc6 52. Kg1 Qd7 53. Qb8 Rf5 54. Re4 d3 55. Qb2+ Kf7 56. Rd4 Qe6 57. Qd2 Qe2 58. Qxe2 dxe2 0-1

[Event "ch-Frankfurt A"]
[Site "Frankfurt Main"]
[Date "2025.05.26"]
[Round "5.7"]
[White "Mayer, Frank"]
[Black "von Wahden, Jens"]
[Result "1/2-1/2"]
[WhiteElo "1984"]
[BlackElo "1957"]
[PlyCount "98"]
[EventDate "2025.04.28"]
[EventType "swiss"]
[EventRounds "7"]
[EventCountry "GER"]
[WhiteTeam "Wiesbadener SV 1885"]
[BlackTeam "SV Oberursel"]

1. e4 e6 2. b3 d5 3. Bb2 dxe4 4. Nc3 Nf6 5. Qe2 Bd7 6. O-O-O Bc6 7. d3 exd3 8. Rxd3 Bd6 9. Nf3 Qe7 10. Kb1 O-O 11. Ne5 Bxe5 12. Qxe5 Nbd7 13. Qf4 e5 14. Qh4 Rfe8 15. Be2 Ne4 16. Qxe7 Rxe7 17. Nxe4 Bxe4 18. Rg3 Ree8 19. Re1 Bg6 20. h4 Nf6 21. Bc4 Ne4 22. Rge3 Nd2+ 23. Kc1 Nxc4 24. bxc4 f6 25. a4 c5 26. Rb3 b6 27. a5 Rab8 28. axb6 axb6 29. Rd1 Bf7 30. Rd6 Bxc4 31. Rbxb6 Rxb6 32. Rxb6 Bd5 33. g3 c4 34. Kd2 Kf7 35. Bc3 Re7 36. Ke3 h5 37. Rd6 Be6 38. Rc6 Rd7 39. Ke2 Bd5 40. Rc8 Kg6 41. f3 Kf5 42. Ke3 Bf7 43. Rf8 Bd5 44. Rc8 Kg6 45. Rc5 Bf7 46. Rc8 Kf5 47. Rf8 Ke6 48. Rc8 Kd5 49. Bb4 Rb7 1/2-1/2

[Event "ch-Frankfurt A"]
[Site "Frankfurt Main"]
[Date "2025.05.26"]
[Round "5.8"]
[White "Fröhlich-Dill, Astrid"]
[Black "Ewers, Christian"]
[Result "1/2-1/2"]
[WhiteElo "1781"]
[BlackElo "1880"]
[PlyCount "146"]
[EventDate "2025.04.28"]
[EventType "swiss"]
[EventRounds "7"]
[EventCountry "GER"]
[WhiteTeam "SV 1920 Hofheim"]

1. d4 c5 2. c3 e6 3. e4 a6 4. Be3 Qc7 5. Nd2 d6 6. a4 b6 7. b4 Nd7 8. Bd3 Ngf6 9. h3 Bb7 10. Ne2 c4 11. Bc2 b5 12. axb5 axb5 13. Rxa8+ Bxa8 14. O-O Be7 15. f4 O-O 16. Ng3 Bb7 17. f5 Ra8 18. fxe6 fxe6 19. Nh5 e5 20. d5 Ra3 21. Nb1 Ra2 22. Ng3 g6 23. Qc1 Ra8 24. Na3 Ba6 25. Kh1 Bf8 26. Qd2 Bg7 27. Ra1 Rb8 28. Nxc4 Rc8 29. Rxa6 Qxc4 30. Bd3 Qb3 31. Bxb5 Rxc3 32. Bxd7 Nxd7 33. Nf1 Bf8 34. Rc6 Rd3 35. Qe2 Rd1 36. Bf2 Nf6 37. Kh2 Qb1 38. Ng3 Rd3 39. Qc2 Qb3 40. Qxb3 Rxb3 41. Rc4 h5 42. Bb6 h4 43. Nf1 Bh6 44. Bd8 Bf4+ 45. Kg1 Nh5 46. Bxh4 Rb1 47. Rc6 g5 48. Bf2 Rxb4 49. Rxd6 Rxe4 50. g4 Ng7 51. Ng3 Rc4 52. Nf5 Nxf5 53. gxf5 e4 54. Re6 e3 55. Bxe3 Bxe3+ 56. Rxe3 Rd4 57. Rg3 Rxd5 58. Rxg5+ Kf7 59. h4 Rd4 60. Kg2 Rxh4 61. Kg3 Rb4 62. Rg6 Ra4 63. Re6 Rb4 64. Kf3 Ra4 65. Re4 Rxe4 66. Kxe4 Kf6 67. Kf4 Kf7 68. Kg5 Kg7 69. f6+ Kf7 70. Kf5 Kf8 71. Ke6 Ke8 72. f7+ Kf8 73. Kd7 Kxf7 1/2-1/2

[Event "ch-Frankfurt A"]
[Site "Frankfurt Main"]
[Date "2025.05.26"]
[Round "5.10"]
[White "Hensel, Roman"]
[Black "Philipp, Nils"]
[Result "0-1"]
[WhiteElo "1781"]
[BlackElo "1902"]
[PlyCount "58"]
[EventDate "2025.04.28"]
[EventType "swiss"]
[EventRounds "7"]
[EventCountry "GER"]
[WhiteTeam "SV Oberursel"]
[BlackTeam "Sabt Frankfurter TV 1860"]

1. e4 e5 2. Nf3 Nf6 3. d4 Nxe4 4. Bd3 d5 5. Nxe5 Nd7 6. Nxd7 Bxd7 7. O-O Bd6 8. Nc3 Nxc3 9. bxc3 O-O 10. Qh5 f5 11. Re1 g6 12. Qf3 c6 13. Bf4 Qc7 14. Bxd6 Qxd6 15. c4 dxc4 16. Bxc4+ Kg7 17. c3 Rae8 18. h4 h5 19. Rad1 Rxe1+ 20. Rxe1 Re8 21. Rxe8 Bxe8 22. Qe3 Bf7 23. Bxf7 Kxf7 24. Qe5 Qxe5 25. dxe5 f4 26. g3 f3 27. Kf1 Ke6 28. Ke1 Kxe5 29. Kd2 Ke4 0-1